[Event "33.Schlosspark-Open"]
[Site "Wiesbaden-Biebrich"]
[Date "2024.08.24"]
[Round "4.79"]
[White "Eckert, Michael"]
[Black "Wöhl, Torsten"]
[Result "1/2-1/2"]
[WhiteElo "1765"]
[BlackElo "1657"]
[PlyCount "60"]
[EventDate "2024.08.22"]
[WhiteTeam "SK Herborn 1946"]
[BlackTeam "SC Groß-Zimmern"]

1. c4 e6 2. g3 Nf6 3. Bg2 d5 4. Nf3 Be7 5. O-O O-O 6. d4 c5 7. cxd5 Nxd5 8. e4 Nf6 9. Nc3 a6 10. h3 Nc6 11. Be3 Qb6 12. Na4 Qa5 13. dxc5 Nxe4 14. Qc2 Nf6 15. a3 Nd5 16. Bd2 Qc7 17. b4 Bf6 18. Nc3 Nxc3 19. Bxc3 Bxc3 20. Qxc3 e5 21. Rfe1 f6 22. Rad1 Be6 23. Rd6 Bf7 24. Nd2 Rad8 25. Ne4 Rd7 26. Rxd7 Qxd7 27. Nd6 Nd8 28. Rd1 Be6 29. Bd5 Bxd5 30. Rxd5 Qxh3 1/2-1/2

[Event "33.Schlosspark-Open"]
[Site "Wiesbaden-Biebrich"]
[Date "2024.08.24"]
[Round "4.80"]
[White "Machwirth, Ernst"]
[Black "Reink, Geerhard"]
[Result "0-1"]
[WhiteElo "1638"]
[BlackElo "1762"]
[PlyCount "114"]
[EventDate "2024.08.22"]
[WhiteTeam "Sfr Stiller Zug Wiesbaden"]
[BlackTeam "Fischer Z"]

1. f4 b6 2. b3 Bb7 3. Bb2 Nf6 4. e3 e6 5. Nf3 Be7 6. Be2 c5 7. O-O d5 8. d3 Nbd7 9. Qc1 h5 10. Ne5 Nxe5 11. Bxe5 h4 12. Bf3 Rh6 13. Nd2 Bd6 14. Bb2 Be7 15. Qe1 Qd7 16. a4 a6 17. Qe2 Rc8 18. c4 g6 19. Rf2 Kf8 20. Ra2 Bd8 21. Ba1 Ne8 22. cxd5 exd5 23. Bg4 f5 24. Bf3 b5 25. e4 d4 26. Bb2 Rh7 27. e5 Bxf3 28. Qxf3 Qb7 29. Qd1 Bb6 30. a5 Ba7 31. h3 Nc7 32. Bc1 Ne6 33. Nf3 Qd5 34. Rfe2 Bb8 35. Qc2 Bc7 36. Qd2 Bd8 37. Qb2 Rhc7 38. Rc2 Be7 39. Bd2 Kf7 40. Qc1 c4 41. bxc4 bxc4 42. dxc4 Rxc4 43. Qb1 d3 44. Rcb2 Nc5 45. e6+ Nxe6 46. Ne5+ Kg7 47. Nxc4 Qxc4 48. Rb7 Kf8 49. Rxe7 Kxe7 50. Qb4+ Qxb4 51. Bxb4+ Kd7 52. Bd2 Rc4 53. Kf2 Nc5 54. Ke3 Re4+ 55. Kf3 Re2 56. Rb2 Ne4 57. Bc1 d2 0-1

[Event "33.Schlosspark-Open"]
[Site "Wiesbaden-Biebrich"]
[Date "2024.08.24"]
[Round "4.81"]
[White "Kanagaraj, Aarav"]
[Black "Frohneberg, Paul"]
[Result "0-1"]
[WhiteElo "1636"]
[BlackElo "1705"]
[PlyCount "34"]
[EventDate "2024.08.22"]
[WhiteTeam "TSV Schott Mainz"]
[BlackTeam "Kreuznacher SV 1921 e.V."]

1. Nf3 c5 2. c4 Nc6 3. Nc3 g6 4. g3 Bg7 5. Bg2 d6 6. O-O e5 7. e4 Nge7 8. d3 O-O 9. Be3 f5 10. Nd2 f4 11. gxf4 exf4 12. Bxc5 dxc5 13. Nd5 Nxd5 14. cxd5 Ne5 15. Qc2 f3 16. Nb3 Qg5 17. Kh1 Qxg2# 0-1

[Event "33.Schlosspark-Open"]
[Site "Wiesbaden-Biebrich"]
[Date "2024.08.24"]
[Round "4.85"]
[White "Chen, Lilly"]
[Black "Schmitz, Bernhard Hubert"]
[Result "1/2-1/2"]
[WhiteElo "1603"]
[BlackElo "1659"]
[PlyCount "63"]
[EventDate "2024.08.22"]
[WhiteTeam "Sfr Stiller Zug Wiesbaden"]
[BlackTeam "Vorw.Orient Mainz"]

1. Nf3 d5 2. e3 c5 3. c4 e6 4. Be2 Nc6 5. O-O Nf6 6. b3 g6 7. Bb2 Bg7 8. Na3 a6 9. Nc2 O-O 10. d4 cxd4 11. Ncxd4 Re8 12. Nxc6 bxc6 13. Ne5 Bb7 14. Ng4 Qe7 15. Nxf6+ Bxf6 16. Bxf6 Qxf6 17. Qd2 Rad8 18. Qa5 Rd7 19. Qb6 Red8 20. cxd5 exd5 21. Bxa6 Bxa6 22. Qxa6 Rd6 23. Qe2 c5 24. Rac1 Rc6 25. Qd2 d4 26. exd4 Rxd4 27. Qc3 Qd6 28. a4 Qd5 29. a5 Rd3 30. Qc4 Qd6 31. b4 Rd4 32. Qe2 1/2-1/2

[Event "33.Schlosspark-Open"]
[Site "Wiesbaden-Biebrich"]
[Date "2024.08.24"]
[Round "4.86"]
[White "Winter, Victor"]
[Black "Felten, Pascal"]
[Result "1/2-1/2"]
[WhiteElo "1603"]
[BlackElo "1649"]
[PlyCount "52"]
[EventDate "2024.08.22"]
[WhiteTeam "Rodgau"]
[BlackTeam "Bochum"]

1. e4 c5 2. Nf3 d6 3. d4 cxd4 4. Nxd4 Nf6 5. Nc3 a6 6. Be2 e5 7. Nb3 Be6 8. Be3 Be7 9. Qd2 Ng4 10. Bxg4 Bxg4 11. f3 Be6 12. O-O-O O-O 13. Nd5 Bxd5 14. Qxd5 Nc6 15. Nd2 Qc7 16. a3 b5 17. h4 Rac8 18. Kb1 Na5 19. Rc1 Nc4 20. Bg5 Bxg5 21. hxg5 Qe7 22. Rh5 g6 23. Rh6 Kg7 24. Rch1 Rh8 25. Nxc4 Rxc4 26. g3 Qc7 1/2-1/2

[Event "33.Schlosspark-Open"]
[Site "Wiesbaden-Biebrich"]
[Date "2024.08.24"]
[Round "4.88"]
[White "Senger, Raphaela"]
[Black "Vick, Edward"]
[Result "0-1"]
[WhiteElo "1547"]
[BlackElo "1640"]
[PlyCount "48"]
[EventDate "2024.08.22"]
[WhiteTeam "SF Fortuna Leipzig e."]
[BlackTeam "TuS Makkabi Wiesbaden"]

1. d4 Nf6 2. Bg5 d5 3. e3 h6 4. Bxf6 gxf6 5. c4 e5 6. dxe5 Bb4+ 7. Nc3 c6 8. Nf3 Bg4 9. h3 Bxf3 10. Qxf3 fxe5 11. Rd1 Qa5 12. Rc1 Qxa2 13. Be2 Qxb2 14. O-O Bxc3 15. cxd5 cxd5 16. Qxd5 Nc6 17. Bb5 Rc8 18. Rcd1 O-O 19. Bd3 Rcd8 20. Qf3 Kg7 21. Qf5 Rh8 22. Qg4+ Kf6 23. Qh4+ Kg7 24. Qg4+ Kf8 $138 0-1